Plus grand pays en superficie A-Z - Statistiques

Statistiques générales
  • Ce quiz a été pris 282 fois
    198 depuis la dernière actualisation
  • Le résultat moyen est 19 sur 24
Statistiques - réponses
Lettre Superficie (en km2) Pays % Correct
R 17 125 191 Russie
95%
B 8 515 767 Brésil
94%
C 9 984 670 Canada
94%
F 672 051 France
94%
A 7 692 060 Australie
92%
E 9 629 091 Etats-Unis
92%
I 3 287 263 Inde
90%
Y 527 968 Yémen
90%
Z 752 612 Zambie
88%
K 2 724 910 Kazakhstan
85%
D 2 210 573 Danemark
84%
H 93 028 Hongrie
83%
V 912 050 Vénézuela
83%
Q 11 586 Qatar
80%
J 377 930 Japon
79%
M 1 964 375 Mexique
72%
U 603 500 Ukraine
72%
O 447 400 Ouzbékistan
71%
L 1 759 540 Libye
65%
N 1 267 000 Niger
65%
P 1 285 216 Pérou
63%
S 1 861 484 Soudan
62%
G 267 668 Gabon
56%
T 1 284 000 Tchad
51%
Aucun quiz correspondant
Distribution des résultats
% des personnes avec chaque résultat
Percentile par nombre de réponses
Votre historique - résultats
Vous n’avez pas pris ce quiz depuis la dernière actualisation